00453nam a2200145Ia 4500003000900000008004100009040001600050080001500066110003500081245010500116260003100221300000900252650002500261650002100286IN-BaIIA211028s9999 xx 000 0 eng d cIIA Library a331.2bSIT aIndia .C Sitaraman and Company 4aThe Additional emoluments (Compulsory Deposit) Act, 1974 with notificationcC Sitaraman and Company  aMadrasbC. Sitaramanc1974 a27p. a Pay and Emoluments aNASA Thesaurus